00518nam a2200169Ia 4500008004100000020001800041041000800059082001600067100001800083245002400101250000600125260005100131300000800182650000900190999001900199952013000218210716s2009 xx 000 0 und d a9788122423877 aeng a004.35 BHUM aBhujade, M R. aParallel computing. a2 aNew DelhibNew Age International Pvt Ltdc2009 a278 aNone c192063d192063 001040708MCAaAIMITbAIMITeKnowledge Worldg190.00l0o004.35 BHUMpMCA11571r2025-07-21 00:00:00v142.50w2021-07-16yBK